Der Weg zur Kontinentalwirtschaft

Enregistré dans:
Détails bibliographiques
Format: Livre
Langue:allemand
Publié: Leipzig Goldmann [s.a.]
Tags: Ajouter un tag
Pas de tags, Soyez le premier à ajouter un tag!

MARC

LEADER 00000nam a2200000 4500
001 0306984
005 20250212112924.3
041 0 |a ger 
044 |a DE 
245 1 0 |a Der Weg zur Kontinentalwirtschaft  |c Emil Maurer 
264 1 |a Leipzig  |b Goldmann  |c [s.a.]